000 00828nam a22001935i 4500
001 154194
003 ES-MaACL
005 20250827230940.0
008 960806s1842 sp |||| | spa d
040 _aCLM
_bspa
_cCCPB | SIC
100 2 _aFrau y Armendariz, Ramon,
_d1787-1861
_9127145
245 1 0 _aDiscurso inaugural que en la apertura de clases del Colegio Nacional de Medicina y Cirugia de San Carlos de esta Corte leyó Ramón Frau y Armendariz el día 3 de octubre del presente año.
260 _aMadrid :
_b[s.n.],
_c1842 (
_fImprenta de Alegría y Charlain)
300 _a34 p. ;
_c25 cm.
596 _aMarca tip. en port.
710 2 _aColegio de San Carlos (Madrid)
_9174691
852 _aES-MaACL
_jR-1360(9)
_z-- Enc. hol.
_z-- Ex-libris de Mateo Seoane
_x-- Olim: G-15438
999 _c154194
_d154194